Bioquímica de Laguna (Registro nro. 13150)
[ vista simple ]
| 000 -CABECERA | |
|---|---|
| Longitud fija campo de control | 00748nam a22002411 4500 |
| 001 - NÚMERO DE CONTROL | |
| Número de control | bimo0001075983 |
| 003 - IDENTIFICADOR DELl NÚMERO DE CONTROL | |
| Identificador del número de control | OSt |
| 005 - FECHA Y HORA DE LA ÚLTIMA TRANSACCIÓN | |
| Fecha y hora de la última transacción | 20140822113150.0 |
| 008 - CÓDIGOS DE INFORMACIÓN DE LONGITUD FIJA | |
| Códigos de información de longitud fija | 900725s2007 mx spa |
| 020 ## - NÚMERO INTERNACIONAL NORMALIZADO PARA LIBROS | |
| Número Internacional Normalizado para Libros (ISBN) | 978-970-729-292-5 |
| 040 ## - FUENTE DE LA CATALOGACIÓN | |
| Centro transcriptor | BMC |
| 082 ## - NÚMERO DE LA CLASIFICACIÓN DECIMAL DEWEY | |
| Númeroo de clasificación | 612.015 |
| 100 1# - PUNTO DE ACCESO PRINCIPAL-NOMBRE DE PERSONA | |
| Nombre de persona | Laguna, José |
| 9 (RLIN) | 24231 |
| 245 10 - MENCIÓN DE TÍTULO | |
| Título | Bioquímica de Laguna |
| Mención de responsabilidad, etc. | José Laguna, Enrique Piña Garza ; editores responsables, Alfredo R. Boyd Filós, Martín Martínez Moreno |
| 250 ## - MENCIÓN DE EDICIÓN | |
| Mención de edición | 6ª ed |
| 260 ## - PUBLICACIÓN, DISTRIBUCIÓN, ETC. (PIE DE IMPRENTA) | |
| Lugar de publicación, distribución, etc. | México, D.F. |
| Nombre del editor, distribuidor, etc. | El Manual Moderno |
| Fecha de publicación, distribución, etc. | 2007 |
| 300 ## - DESCRIPCIÓN FÍSICA | |
| Extensión | XVII, 635 p. |
| Dimensiones | 27 cm |
| 650 24 - PUNTO DE ACCESO ADICIONAL DE MATERIA - TÉRMINO DE MATERIA | |
| Término de materia o nombre geográfico como elemento inicial | Bioquímica |
| 9 (RLIN) | 8014 |
| 700 1# - PUNTO DE ACCESO ADICIONAL - NOMBRE DE PERSONA | |
| Nombre de persona | Piña, Enrique |
| 9 (RLIN) | 24234 |
| 700 1# - PUNTO DE ACCESO ADICIONAL - NOMBRE DE PERSONA | |
| Nombre de persona | Boyd Filós, Alfredo R. |
| 9 (RLIN) | 24235 |
| 700 1# - PUNTO DE ACCESO ADICIONAL - NOMBRE DE PERSONA | |
| 9 (RLIN) | 8082 |
| Nombre de persona | Martínez Moreno, Martín |
| 942 ## - ENTRADA DE ELEMENTOS AGREGADOS (KOHA) | |
| Fuente de clasificaión o esquema | Dewey Decimal Classification |
| Koha [por defecto] tipo de item | 1- Monografias |
| Suprimido | Perdido | Fuente de clasificación o esquema | Estropeado | Restricciones de uso | No para préstamo | Código de colección | Localización permanente | Localización actual | Localización en estanter&íacute;as | Fecha adquisición | Fuente de adquisición | Número de inventario | Préstamos totales | Signatura completa | Código de barras | Fecha última consulta | Fecha último préstamo | Coste, precio reemplazado | Fecha del precio de reemplazo | Tipo de item de Koha | Renovaciones totales |
|---|---|---|---|---|---|---|---|---|---|---|---|---|---|---|---|---|---|---|---|---|---|
| NULL | NULL | Dewey Decimal Classification | NULL | Prestable | NULL | NULL | Biblioteca Centro Regional de Ilobasco | Biblioteca Centro Regional de Ilobasco | Sala Principal | 23/10/2015 | UNICAES | LI001311 | 2 | 612.015 LAG bio | 1034725 | 28/06/2019 | 28/06/2019 | 23/10/2015 | 1- Monografias | ||
| NULL | NULL | Dewey Decimal Classification | NULL | Prestable | NULL | NULL | Biblioteca Centro Regional de Ilobasco | Biblioteca Centro Regional de Ilobasco | Sala Principal | 11/07/2011 | UNICAES | LI002021 | 1 | 612.015 LAG bio | 1038599 | 26/06/2023 | 24/06/2023 | 05/10/2016 | 1- Monografias | ||
| NULL | NULL | Dewey Decimal Classification | NULL | Prestable | NULL | NULL | Biblioteca Centro Regional de Ilobasco | Biblioteca Centro Regional de Ilobasco | Sala Principal | 11/07/2011 | UNICAES | LI002022 | 2 | 612.015 LAG bio | 1038600 | 30/06/2025 | 13/07/2023 | 05/10/2016 | 1- Monografias | 1 | |
| NULL | NULL | Dewey Decimal Classification | NULL | Prestable | NULL | NULL | Biblioteca Miguel de Cervantes - UNICAES | Biblioteca Miguel de Cervantes - UNICAES | Sala Principal | 21/08/2014 | Donación - Facultad de Ciencias y Humanidades | 020786 | 6 | 612.015 LAG bio | 1021143 | 26/02/2024 | 23/02/2024 | 38.70 | 21/08/2014 | 1- Monografias | |
| NULL | NULL | Dewey Decimal Classification | NULL | Prestable | NULL | NULL | Biblioteca Miguel de Cervantes - UNICAES | Biblioteca Miguel de Cervantes - UNICAES | Sala Principal | 21/08/2014 | Donación - Facultad de Ciencias y Humanidades | 020787 | 5 | 612.015 LAG bio | 1021144 | 31/05/2024 | 31/05/2024 | 38.70 | 21/08/2014 | 1- Monografias | 1 |
| NULL | NULL | Dewey Decimal Classification | NULL | Prestable | NULL | NULL | Biblioteca Miguel de Cervantes - UNICAES | Biblioteca Miguel de Cervantes - UNICAES | Sala Principal | 21/08/2014 | Donación - Facultad de Ciencias y Humanidades | 020788 | 2 | 612.015 LAG bio | 1021145 | 27/01/2016 | 25/01/2016 | 38.70 | 21/08/2014 | 1- Monografias | 1 |